Effect of Ultrasound During Micro-Arc Oxidation on the Porous Structure and Adhesion Strength of the Calcium Phosphate Coatings; AIP Conference Proceedings; Vol. 2167 : Advanced Materials with Hierarchical Structure for New Technologies and Reliable Structures 2019 (AMHS'19)
| Parent link: | AIP Conference Proceedings Vol. 2167 : Advanced Materials with Hierarchical Structure for New Technologies and Reliable Structures 2019 (AMHS'19).— 2019.— [020155, 4 p.] |
|---|---|
| المؤلف الرئيسي: | |
| مؤلف مشترك: | |
| مؤلفون آخرون: | , |
| الملخص: | Title screen The studies of the effect of applied ultrasound (US) field with varied power of 35 W or 100 W during the micro-arc oxidation (MAO) process on the morphology, porous structure and adhesion strength of the calcium phosphate (CaP) coatings on the titanium surface have been performed. The transmittance of US field through the electrolyte during the MAO process led to the increase of the coating thickness from 50 to 60 [mu]m, roughness from 3 to 4.5 [mu]m and internal porosity from 27 to 41 %, and to the decrease of the surface porosity from 25 to 12 %, and adhesion strength from 23 to 19 MPa. In addition, the applied US field led to the change of the surface and structure morphology of the coatings. There was a local destruction of the structure elements (spheres and pores) and filling the pore spaces on the coating surface. The local macropores of 15-40 [mu]m in sizes were formed in the boundary to substrate layer. Режим доступа: по договору с организацией-держателем ресурса |
| اللغة: | الإنجليزية |
| منشور في: |
2019
|
| الموضوعات: | |
| الوصول للمادة أونلاين: | https://doi.org/10.1063/1.5132022 |
| التنسيق: | الكتروني فصل الكتاب |
| KOHA link: | https://koha.lib.tpu.ru/cgi-bin/koha/opac-detail.pl?biblionumber=661500 |
MARC
| LEADER | 00000naa2a2200000 4500 | ||
|---|---|---|---|
| 001 | 661500 | ||
| 005 | 20260209133832.0 | ||
| 035 | |a (RuTPU)RU\TPU\network\32113 | ||
| 035 | |a RU\TPU\network\32112 | ||
| 090 | |a 661500 | ||
| 100 | |a 20191230d2019 k||y0rusy50 ba | ||
| 101 | 0 | |a eng | |
| 135 | |a drcn ---uucaa | ||
| 181 | 0 | |a i | |
| 182 | 0 | |a b | |
| 200 | 1 | |a Effect of Ultrasound During Micro-Arc Oxidation on the Porous Structure and Adhesion Strength of the Calcium Phosphate Coatings |f E. A. Kazantseva, E. G. Komarova, Yu. P. Sharkeev | |
| 203 | |a Text |c electronic | ||
| 300 | |a Title screen | ||
| 320 | |a [References: 6 tit.] | ||
| 330 | |a The studies of the effect of applied ultrasound (US) field with varied power of 35 W or 100 W during the micro-arc oxidation (MAO) process on the morphology, porous structure and adhesion strength of the calcium phosphate (CaP) coatings on the titanium surface have been performed. The transmittance of US field through the electrolyte during the MAO process led to the increase of the coating thickness from 50 to 60 [mu]m, roughness from 3 to 4.5 [mu]m and internal porosity from 27 to 41 %, and to the decrease of the surface porosity from 25 to 12 %, and adhesion strength from 23 to 19 MPa. In addition, the applied US field led to the change of the surface and structure morphology of the coatings. There was a local destruction of the structure elements (spheres and pores) and filling the pore spaces on the coating surface. The local macropores of 15-40 [mu]m in sizes were formed in the boundary to substrate layer. | ||
| 333 | |a Режим доступа: по договору с организацией-держателем ресурса | ||
| 461 | 1 | |0 (RuTPU)RU\TPU\network\4816 |t AIP Conference Proceedings | |
| 463 | 1 | |0 (RuTPU)RU\TPU\network\31884 |t Vol. 2167 : Advanced Materials with Hierarchical Structure for New Technologies and Reliable Structures 2019 (AMHS'19) |o Proceedings of the International Conference, 1–5 October 2019, Tomsk, Russia |f National Research Tomsk Polytechnic University (TPU) ; Institute of Strength Physics and Materials Science SB RAS (Russia) ; eds. V. E. Panin ; S. G. Psakhie ; V. M. Fomin |v [020155, 4 p.] |d 2019 | |
| 610 | 1 | |a электронный ресурс | |
| 610 | 1 | |a труды учёных ТПУ | |
| 610 | 1 | |a ультразвук | |
| 610 | 1 | |a пористые структуры | |
| 610 | 1 | |a адгезионная прочность | |
| 610 | 1 | |a фосфатные покрытия | |
| 610 | 1 | |a кальций | |
| 610 | 1 | |a окисление | |
| 610 | 1 | |a прочность | |
| 610 | 1 | |a шероховатости | |
| 700 | 1 | |a Kazantseva |b E. A. | |
| 701 | 1 | |a Komarova |b E. G. | |
| 701 | 1 | |a Sharkeev |b Yu. P. |c physicist |c Professor of Tomsk Polytechnic University, Doctor of physical and mathematical sciences |f 1950- |g Yury Petrovich |3 (RuTPU)RU\TPU\pers\32228 |9 16228 | |
| 712 | 0 | 2 | |a Национальный исследовательский Томский политехнический университет |b Исследовательская школа физики высокоэнергетических процессов |c (2017- ) |3 (RuTPU)RU\TPU\col\23551 |
| 801 | 2 | |a RU |b 63413507 |c 20191230 |g RCR | |
| 856 | 4 | |u https://doi.org/10.1063/1.5132022 | |
| 942 | |c CF | ||